| 000 | 00531nam a22001817a 4500 | ||
|---|---|---|---|
| 999 |
_c526699 _d526699 |
||
| 003 | NUST | ||
| 020 | _qPBK | ||
| 038 | _aFaiza | ||
| 082 |
_a891.4913 _bZAF |
||
| 100 |
_aLashari, Zafar _915901 |
||
| 245 |
_aTatian Chavaan / _cZafar Lashari |
||
| 260 |
_aBahwalpur : _bSaraiki adabi Tehreek, _c1984. |
||
| 300 | _a120 p. ; | ||
| 880 |
_6100-01\r _aظفر لشاری |
||
| 880 |
_6245-02\r _aتتیاں چھانواں / |
||
| 880 |
_6260-03\r _aبہاولپور : _bسرائیکی ادبی تحریک, _c۱۹۸۴. |
||
| 942 |
_2ddc _cBK |
||